| 000 | 02408cam a2200337 a 4500 | ||
|---|---|---|---|
| 001 | 13867298 | ||
| 003 | ARRUPE | ||
| 005 | 20211013110738.0 | ||
| 008 | 050210s2005 mau b 001 0 eng | ||
| 010 | _a 2005004144 | ||
| 020 | _a1405131675 (pbk. : alk. paper) | ||
| 020 | _a9781405131674 (pbk. : alk. paper) | ||
| 040 |
_aDLC _cDLC _dDLC |
||
| 042 | _apcc | ||
| 050 | 0 | 0 |
_aB52.7 _b.M37 2005 |
| 082 | 0 | 0 |
_a808/.0661 _222 |
| 100 | 1 |
_aMartinich, Aloysius. _912225 |
|
| 245 | 1 | 0 |
_aPhilosophical writing : _ban introduction / _cA.P. Martinich. |
| 250 | _a3rd ed. | ||
| 260 |
_aMalden, Mass. : _bBlackwell Pub., _cc2005. |
||
| 300 |
_avii, 202 p. ; _c23 cm. |
||
| 504 | _aIncludes bibliographical references and index. | ||
| 505 | 0 | _aAuthor and audience -- The professor as audience -- The student as author -- Three attitudes about philosophical method -- Logic and argument for writing -- What is a good argument? -- Valid arguments -- Cogent arguments -- Consistency and contradition -- Contraries and contradictories -- The strength of a proposition -- The structure of a philosophical essay -- An outline of the structure of a philosophical essay -- Anatomy of an essay -- Another essay -- Composing -- How to select an essay topic -- Techniques for composing -- Outlining -- Successive elaboration -- Conceptual note taking -- Research and composing -- Polishing -- Evolution of an essay -- Tactics for analytic writing -- Definitions -- Distinctions -- Analysis -- Dilemmas -- Scenarios -- Counterexamples -- Reductio ad absurdum -- Dialectical reasoning -- Some constraints on content -- The pursuit of truth -- The use of authority -- The burden of proof -- Some goals of form -- Coherence -- Clarity -- Conciseness -- Rigor -- Problems with introductions -- Slip sliding away -- The tail wagging the dog -- The running start. | |
| 650 | 0 |
_aPhilosophy _xAuthorship. _912226 |
|
| 856 | 4 | 1 |
_3Table of contents only _uhttp://www.loc.gov/catdir/enhancements/fy0802/2005004144-t.html |
| 856 | 4 | 2 |
_3Publisher description _uhttp://www.loc.gov/catdir/enhancements/fy0802/2005004144-d.html |
| 856 | 4 | 2 |
_3Contributor biographical information _uhttp://www.loc.gov/catdir/enhancements/fy0802/2005004144-b.html |
| 906 |
_a7 _bcbc _corignew _d1 _eecip _f20 _gy-gencatlg |
||
| 942 |
_2lcc _cMONOGRAPH |
||
| 999 |
_c130769 _d130769 |
||